01804nam a2200265Ia 4500001000600000003000900006008004100015040001300056040001300069041001300082100001800095100002900113245004400142245004400186250001100230260002700241260001100268260004900279300005700328500104400385650002701429650003101456700002301487700002801510A8810IT-RoPAU130308s9999 xx 000 0 und d aIT-RoPAU cIT-RoPAU aITALIANO aTorno Armando gCodice Aut. SPICS: 36522 aDivertimenti per Dio-Mozart e i teologi bDivertimenti per Dio-Mozart e I Teologi a1a ed. aCASALE MONFERRATO (AL) bPiemme c1991 [1° Ed.:1991 - Ed.Ling.Originale:1991] a"168 p. (prefazione: no ; testo: 168 [pagine: 0-0])" aProfilo Storico di Wolfgang Amadeus Mozart. Vita, fede Cristiana ed Epistolario. Mozart e I Teologi. Disputa Musicologica. Mozart in Chiesa un Casus belli che dura da Dacenni. Opposizione Musicologico Religiosa a Mozart: Thibaut. via Dialettica: Soeren Kierkegaard. medium Musicale e Genialità Erotica. celebrazione Musicale dell'Erotico Come Arte Cristiana. Gioco della seduzione e della Musica: Tempo sospeso dell'Eros. Henri Gheon: la via Mistica. Karl Barth: la via Teologica. Senso Teologico del Gioco Musicale Mozartiano. Ascesi nella Musica Mozartiana? Critica della Ragione Infantile. Mozart Interprete dell'Anima del Mondo e della Parola di Rivelazione. Hans Urs Von Balthasar: la via Teologica. rivelazione e Bellezza. rottura moderna dell'Estetico con L'Etico e Il Religioso. Singolarità di Mozart Oltre la Frattura della Modernità. Musica e Teologia. Musica e Assoluto. Scissione e Composizione del sensibile e Dello Spirituale. Enigma del Musicale Mozartiano. Tradizione Teologica Sul Musicale. Teologi e Gioco Musicale. aAUTORI/OPERE DI MUSICA eCodice materia Spics: 7007 aSequeri Pierangelo gCodice Aut. SPICS: 1236